000 00842nam a2200241 a 4500
001 47081
003 BD-RjUL
005 20211209054245.0
008 190418s1957 dcu b 000 0 eng
035 _a(BD-RjUL)47200
040 _aDLC
_cCU-I
_dOCoLC
_dDLC
_dBD-RjUL
_beng
041 _aeng
042 _apremarc
082 _a016.32773
_223
_bDEN 1957
100 1 _aDeConde, Alexander.
_9230877
245 1 0 _aNew interpretations in American foreign policy /
_cby Alexander DeConde
260 _aWashington, D. C. :
_bService Center for Teachers of History,
_c1957
300 _a31 p. ;
_c23 cm.
490 _aPublication (Service Center for Teachers of History);
_v2
651 0 _aUnited States
_xForeign relations
_vBibliography.
_9230878
830 _aPublication (Service Center for Teachers of History);
_v2
_9230879
942 _2ddc
_cRAR
999 _c47081
_d47081